Detalles MARC
| 000 -LÍDER |
| Campo fijo de descripción fija |
02449nam a22003257i 4500 |
| 001 - NÚMERO DE CONTROL |
| Campo de control |
768714001 |
| 003 - IDENTIFICADOR DEL NÚMERO DE CONTROL |
| Campo de control |
CO-MdFUSB |
| 005 - FECHA Y HORA DE LA ULTIMA TRANSACCIÓN |
| control field |
20250731130456.0 |
| 008 - ELEMENTOS DE LONGITUD FIJA -- INFORMACIÓN GENERAL |
| Campo fijo de descripción fija -- Información general |
200124s2019 ck ||||s|||| 00| 0 spa d |
| 040 ## - FUENTE DE CATALOGACIÓN |
| Agencia de catalogación original |
CO-MdFUSB |
| Idioma de catalogación |
Español |
| Agencia que realiza la transcripción |
CO-MdFUSB |
| Agencia que realiza la modificación |
CO-MdFUSB |
| 041 ## - CÓDIGO DE IDIOMA |
| Código de idioma para texto/pista de sonido o título separado |
spa |
| 084 ## - OTRO NUMERO DE CLASIFICACIÓN |
| Número de clasificación |
T CD0097 |
| 100 ## - ASIENTO PRINCIPAL--NOMBRE PERSONAL |
| Nombre personal |
Restrepo, Andrés Felipe. |
| Títulos u otras palabras asociadas al nombre |
asesor |
| 245 ## - TÍTULO |
| Título del Material |
Evaluación del aporte de la Fundación Universitaria Seminario Bíblico de Colombia (FUSBC) a sus estudiantes en la formación ministerial. |
| Mención de responsabilidad, etc. |
/ Andrés Felipe Restrepo ; asesorado por Jhohan Centeno |
| Medio físico |
[electrónico] |
| 264 #1 - PRODUCTION, PUBLICATION, DISTRIBUTION, MANUFACTURE, AND COPYRIGHT NOTICE |
| Lugar de procducción, publication, distribution, manufacture |
Medellín, Colombia : |
| Nombre del productor, publicador, distribuidor y manofactura |
FUSBC, |
| Fecha de producción, distribución, manufactura, o nota de copyright |
2019 |
| 336 ## - TIPO DE CONTENIDO |
| Fuente |
rdacontent |
| Tipo de contenido |
programa de ordenador |
| Content type code |
cop |
| 337 ## - TIPO DE MEDIO |
| Fuente |
rdamedia |
| Tipo de medio |
informático |
| Código |
c |
| 338 ## - TIPO DE SOPORTE |
| Fuente |
rdacarrier |
| rdacarrier |
disco compacto |
| Código |
cd |
| 502 ## - NOTA DE TESIS |
| Nota de Tesis |
Trabajo de grado |
| Tipo de estudio |
(Teología) -- |
| Nombre de la Institución del grado |
Fundación Universitaria Seminario Bíblico de Colombia, |
| Año de graduación |
2019 |
| 504 ## - NOTA DE BIBLIOGRAFÍA, ETC. |
| Nota de bibliografía, etc |
Bibliografía (página 86) |
| 505 ## - NOTA DE CONTENIDO |
| Nota de contenido con formato preestablecido |
Características de un buen líder y su relación con las competencias transversales. -- Características de un buen líder cristiano según fuentes autorizadas. -- Características de un buen líder cristiano según bibliografía consultada. -- Competencias transversales de la formación ministerial FUSBC.-- Características y competencias transversales. -- Conclusiones características y competencias trasversales. -- Investigación de campo. -- Análisis de las competencias por género. -- Conclusiones de la investigación. |
| 506 ## - NOTA DE RESTRICCIONES DE ACCESO |
| Condiciones de acceso |
Préstamo en sala |
| 520 ## - NOTA DE RESUMEN, ETC. |
| Nota de sumario, etc. |
En el marco de la práctica profesional ministerial de la FUSBC se da el desarrollo de las competencias transversales trabajadas por todos los estudiantes. En este contexto no se hallan investigaciones previas que identifiquen y evalúen el aporte de la FUSBC a sus estudiantes del programa presencial en la formación profesional ministerial. Con este estudio se pretende evaluar e identificar el desarrollo de las competencias transversales de la FUSBC en la práctica profesional ministerial de sus estudiantes presenciales. Esto con el fin de poner bases para futuras investigaciones sobre el tema y hacer mejoras en el proceso de formación. |
| 535 ## - LOCALIZACIÓN DE ORIGINALES / DUPLICADOS Y NOTAS |
| Custodian |
Recurso en REPCI |
| 610 ## - MATERIA COMO AUTOR CORPORATIVO |
| Nombre corporativo o nombre de la jurisdicción como elemento de entrada |
Fundación Universitaria Seminario Bíblico de Colombia |
| 650 #7 - ASIENTO SECUNDARIO DE MATERIA - TERMINO TEMÁTICO |
| 9 (RLIN) |
395 |
| Término temático o nombre geográfico como elemento de entrada |
Educación |
| Subdivisión general |
Teología |
| 700 ## - ASIENTO SECUNDARIO - NOMBRE PERSONAL |
| 9 (RLIN) |
90 |
| Nombre personal |
Centeno, Jhohan, |
| Fechas asociadas con el nombre |
asesor |
| 856 ## - LOCALIZACIÓN Y ACCESO ELECTRÓNICOS |
| Nombre del sitio |
REPCI |
| Identificador Uniforme del Recurso |
https://repositorio.repci.co/handle/123456789/715 |
| 942 ## - TIPO DE MATERIAL (KOHA) |
| Tipo de Item KOHA |
Trabajos de Grado |